000 00289nam a22001217a 4500
008 180606b xxu||||| |||| 00| 0 eng d
041 _aeng
080 _a043.3
100 _a0
101 _aMBE-BA
245 _aHapat gjate procesit te Auditimit te brendshem
_cBardhi, L
942 _2udc
_cBK
999 _c46440
_d46440